Statistics for Capital, Largest City & Largest Metro of each U.S. State

Click here to take the quiz!

General Stats

  • This quiz has been taken 123 times
  • The average score is 138 of 150

Answer Stats

StateCity% Correct
California (largest city) | California (largest metro)Los Angeles
100%
Georgia (capital) | Georgia (largest city) | Georgia (largest metro)Atlanta
99%
Texas (capital)Austin
99%
Massachusetts (capital) | Massachusetts (largest city) | Massachusetts (largest metro) | New Hampshire (largest metro)Boston
99%
Mississippi (capital) | Mississippi (largest city) | Mississippi (largest metro)Jackson
99%
Florida (largest metro)Miami
99%
Arizona (capital) | Arizona (largest city) | Arizona (largest metro)Phoenix
99%
Illinois (largest city) | Illinois (largest metro)Chicago
98%
Texas (largest metro)Dallas
98%
Colorado (capital) | Colorado (largest city) | Colorado (largest metro)Denver
98%
Hawaii (capital) | Hawaii (largest city) | Hawaii (largest metro)Honolulu
98%
Indiana (capital) | Indiana (largest city) | Indiana (largest metro)Indianapolis
98%
New Jersey (largest metro) | New York (largest city) | New York (largest metro)New York City
98%
Oklahoma (capital) | Oklahoma (largest city) | Oklahoma (largest metro)Oklahoma City
98%
Maine (largest city) | Maine (largest metro) | Oregon (largest city) | Oregon (largest metro)Portland
98%
Texas (largest city)Houston
97%
Louisiana (largest city) | Louisiana (largest metro)New Orleans
97%
California (capital)Sacramento
97%
Florida (capital)Tallahassee
97%
New Mexico (largest city) | New Mexico (largest metro)Albuquerque
96%
Alaska (largest city) | Alaska (largest metro)Anchorage
96%
Maryland (largest city) | Maryland (largest metro)Baltimore
96%
Louisiana (capital)Baton Rouge
96%
Ohio (capital) | Ohio (largest city) | Ohio (largest metro)Columbus
96%
Connecticut (capital) | Connecticut (largest metro)Hartford
96%
Florida (largest city)Jacksonville
96%
Alaska (capital)Juneau
96%
Nevada (largest city) | Nevada (largest metro)Las Vegas
96%
Arkansas (capital) | Arkansas (largest city) | Arkansas (largest metro)Little Rock
96%
Minnesota (largest city) | Minnesota (largest metro)Minneapolis
96%
Tennessee (capital) | Tennessee (largest city) | Tennessee (largest metro)Nashville
96%
Delaware (largest metro) | Pennsylvania (largest city) | Pennsylvania (largest metro)Philadelphia
96%
Washington (largest city) | Washington (largest metro)Seattle
96%
New York (capital)Albany
94%
Alabama (largest city) | Alabama (largest metro)Birmingham
94%
Idaho (capital) | Idaho (largest city) | Idaho (largest metro)Boise
94%
South Carolina (largest city) | West Virginia (capital) | West Virginia (largest city)Charleston
94%
Michigan (largest city) | Michigan (largest metro)Detroit
94%
Kansas (largest metro) | Missouri (largest city)Kansas City
94%
Alabama (capital)Montgomery
94%
Rhode Island (capital) | Rhode Island (largest city) | Rhode Island (largest metro)Providence
94%
North Carolina (capital)Raleigh
94%
Utah (capital) | Utah (largest city) | Utah (largest metro)Salt Lake City
94%
Illinois (capital)Springfield
94%
Iowa (capital) | Iowa (largest city) | Iowa (largest metro)Des Moines
93%
Kentucky (largest city) | Kentucky (largest metro)Louisville
92%
Minnesota (capital)Saint Paul
92%
New Mexico (capital)Santa Fe
92%
North Carolina (largest city) | North Carolina (largest metro)Charlotte
91%
Wyoming (capital) | Wyoming (largest city) | Wyoming (largest metro)Cheyenne
91%
Wisconsin (largest city) | Wisconsin (largest metro)Milwaukee
91%
Nebraska (largest city) | Nebraska (largest metro)Omaha
91%
Virginia (capital)Richmond
90%
Maryland (capital)Annapolis
89%
Nevada (capital)Carson City
89%
Montana (capital)Helena
89%
Michigan (capital)Lansing
89%
Nebraska (capital)Lincoln
89%
Wisconsin (capital)Madison
89%
Missouri (largest metro)Saint Louis
89%
Oregon (capital)Salem
89%
New Jersey (capital)Trenton
89%
South Carolina (capital)Columbia
88%
Delaware (capital)Dover
88%
Washington (capital)Olympia
88%
Kansas (capital)Topeka
88%
New Hampshire (capital)Concord
87%
North Dakota (largest city) | North Dakota (largest metro)Fargo
87%
Kentucky (capital)Frankfort
87%
Pennsylvania (capital)Harrisburg
87%
New Jersey (largest city)Newark
87%
Virginia (largest city)Virginia Beach
87%
Vermont (capital)Montpelier
85%
South Dakota (capital)Pierre
84%
North Dakota (capital)Bismarck
83%
South Dakota (largest city) | South Dakota (largest metro)Sioux Falls
83%
Missouri (capital)Jefferson City
82%
Kansas (largest city)Wichita
82%
Maine (capital)Augusta
80%
Montana (largest city) | Montana (largest metro)Billings
79%
Virginia (largest metro)Washington DC
74%
Delaware (largest city)Wilmington
73%
Connecticut (largest city)Bridgeport
72%
Vermont (largest city) | Vermont (largest metro)Burlington
71%
New Hampshire (largest city)Manchester
70%
South Carolina (largest metro)Greenville-Anderson
55%
West Virginia (largest metro)Huntington-Ashland
53%

Score Distribution

Percentile by Number Answered

Percent of People with Each Score

Your Score History

You have not taken this quiz